=LDR 00000nam 2200000 4500 =001 INLIS000000000018955 =990 ##$$a 20610985 =990 ##$$a 20610985 =005 20140425112555.0 =990 ##$$a 91691/BPAP-NTB/2014 =990 ##$$a 91691/BPAP-NTB/2014 =006 =990 ##$$a 94360/BPAP-NTB/2014 =990 ##$$a 94360/BPAP-NTB/2014 =007 =990 ##$$a 21195188/BPAP-NTB/2014 =990 ##$$a 21195188/BPAP-NTB/2014 =008 Ind =990 ##$$a 0001/BPAP-NTB/20142015 =990 ##$$a 0001/BPAP-NTB/20142015 =035 ##$$0010-061300000018955 =041 ##$$a Ind =082 ##$$a 658.81 =090 ##$$a 658.81, Sup p =100 ##$$a Supranto, J =245 ##$$a Pengukuran tingkat kepuasan pelanggan untuk menaikan pungsi pasar, oleh J. Supranto, MA =260 ##$$a 1997 $b Jakarta =300 ##$$a x, 300 hlm, 21 cm =650 ##$$a Manajemen penjualan =850 ##$$a NBPNMAT =990 ##$$a 91691/BPAP-NTB/2014 =990 ##$$a 91906/BPAP-NTB/2014 =990 ##$$a 94360/BPAP-NTB/2014 =990 ##$$a 21195188/BPAP-NTB/2014 =990 ##$$a 0001/BPAP-NTB/20142015